000
00290nam a22001217a 4500
040
_c
SK
082
_a
642
100
_a
សៀង ដារង្គ
245
_a
Forest harvesting; អាជីវកម្មព្រៃឈើ
260
_a
RUA
_b
SIE
_c
1997
300
_a
104p.
942
_c
KB
999
_c
8821
_d
8821